Essays in world economics
Saved in:
| Main Author: | |
|---|---|
| Format: | Book |
| Language: | English |
| Published: |
Londres
Oxford University Press
1959
|
| Subjects: | |
| Tags: |
Add Tag
No Tags, Be the first to tag this record!
|
MARC
| LEADER | 00000nam a2200000 a 4500 | ||
|---|---|---|---|
| 001 | UCQ1217 | ||
| 003 | CL-VaPUC | ||
| 008 | 980709e19590000UK |||||||||||||||||eng|d | ||
| 082 | 0 | 4 | |a 337 |b HIC |2 21 |
| 100 | |a Hicks, John R |e author |9 379414 | ||
| 245 | 1 | 0 | |a Essays in world economics |
| 300 | |a 274 p | ||
| 942 | |c BK | ||
| 945 | |d 19980709 00:00:00 |a crobeson | ||
| 260 | |a Londres |b Oxford University Press |c 1959 | ||
| 650 | 0 | |a Economía internacional |9 258254 | |
| 650 | 0 | |a Historia económica |9 307218 | |
| 650 | 7 | |a POSTGUERRA |2 CL-VaPUC |9 391812 | |
| 650 | 7 | |a COMERCIO INTERNACIONAL |2 CL-VaPUC |9 414913 | |
| 650 | 7 | |a FLUCTUACIONES ECONOMICAS |2 CL-VaPUC |9 408970 | |
| 650 | 0 | |a Inflación |9 257218 | |
| 650 | 0 | |a Desarrollo económico y social |9 256320 | |
| 650 | 0 | |a Crecimiento económico |9 314037 | |
| 583 | |a last modification |c 19980709 00:00:00 |k Rodrigo Vera | ||
| 999 | |c 272221 |d 272219 | ||